Notes on spectral theory /
Guardado en:
| Autor Principal: | |
|---|---|
| Formato: | Libro |
| Idioma: | English |
| Publicado: |
Princeton, N.J. :
Van Nostrand,
[1966]
|
| Series: | Van Nostrand mathematical studies ;
no. 5. |
| Materias: | |
| Etiquetas: |
Agregar Etiqueta
Sin Etiquetas, Sea el primero en etiquetar este registro!
|
| LEADER | 00722cam a22002171a 4500 | ||
|---|---|---|---|
| 001 | MAT.inmabb005572 | ||
| 008 | 840306s1966####nju######b####000#0#eng## | ||
| 005 | 20130305121951.0 | ||
| 245 | 1 | 0 | |a Notes on spectral theory / |c by Sterling K. Berberian. |
| 260 | |a Princeton, N.J. : |b Van Nostrand, |c [1966] | ||
| 300 | |a 121 p. ; |c 20 cm. | ||
| 490 | 1 | |a Van Nostrand mathematical studies ; |v 5 | |
| 504 | |a Bibliografía: p. 117-118. | ||
| 510 | 4 | |a MR, |c 32 #8170 | |
| 100 | 1 | |a Berberian, Sterling K., |d 1926- | |
| 830 | 0 | |a Van Nostrand mathematical studies ; |v no. 5. | |
| 650 | 0 | |a Spectral theory (Mathematics) | |
| 084 | |a 47B15 |2 msc2000 | ||
| 010 | |a 66000792 | ||
| 040 | |a DLC/ICU |c ICU |d DLC | ||
| 859 | |h 47 |i B484 |p A-2239 |b BIB. MATEMATICA | ||
